Central Library OPAC University of Rajshahi

The shadow-line : (Record no. 77521)

MARC details
000 -LEADER
fixed length control field 00886nam a2200289 a 4500
001 - CONTROL NUMBER
control field 77521
003 - CONTROL NUMBER IDENTIFIER
rucl marc code BD-RjUL
005 - DATE AND TIME OF LATEST TRANSACTION
control field 20211209083000.0
008 - FIXED-LENGTH DATA ELEMENTS--GENERAL INFORMATION
fixed length control field 201020s1950 enk 00001 eng d
035 ## - SYSTEM CONTROL NUMBER
System control number (BD-RjUL)77746
System control number 2559599
040 ## - CATALOGING SOURCE
Original cataloging agency ANL
Language of cataloging eng
Modifying agency SL
Transcribing agency BD-RjUL
041 ## - LANGUAGE CODE
Language code of text/sound track or separate title eng
082 ## - DEWEY DECIMAL CLASSIFICATION NUMBER
Edition number 23
Classification number 823.912
Author mark and year COS 1950
100 1# - MAIN ENTRY--PERSONAL NAME
Personal name Conrad, Joseph,
Dates associated with a name 1857-1924.
9 (RLIN) 241874
245 14 - TITLE STATEMENT
Title The shadow-line :
Remainder of title a confession "worthy of my undying regard" ; Within the tides : tales /
Statement of responsibility, etc. by Joseph Conrad.
250 ## - EDITION STATEMENT
Edition statement Collected ed.
260 ## - PUBLICATION, DISTRIBUTION, ETC. (IMPRINT)
Place of publication, distribution, etc. London :
Name of publisher, distributor, etc. J.M. Dent,
Date of publication, distribution, etc. 1950.
300 ## - PHYSICAL DESCRIPTION
Pagination 211p. ;
Size 19 cm.
500 ## - GENERAL NOTE
General note The shadow-line: first published 1917.
General note Within the tides: first published 1915.
650 ## - SUBJECT ADDED ENTRY--TOPICAL TERM
Topical term or geographic name as entry element English fiction
9 (RLIN) 241875
Topical term or geographic name as entry element Sea stories
9 (RLIN) 241876
942 ## - ADDED ENTRY ELEMENTS (KOHA)
Source of classification or shelving scheme Dewey Decimal Classification
Koha item type Books
Holdings
Lost status Source of classification or shelving scheme Damaged status Not for loan Collection code Permanent Location Current Location Shelving location Date acquired Source of acquisition Total Checkouts Full call number Date last seen Copy number Koha item type Cost, normal purchase price
  Dewey Decimal Classification   Not For Loan Fiction Central Library, University of Rajshahi Central Library, University of Rajshahi Reading Room 06/08/1956 B.H. Blackwell   823.912 COS 1950 20/10/2020 C-1 Books  
  Dewey Decimal Classification     Fiction Central Library, University of Rajshahi Central Library, University of Rajshahi General Stacks 14/03/1964 Zeitlinger   823.912 COS 1950 18/10/2022 C-2 Books 12.60